| 000 | 00728nam a2200253Ia 4500 | ||
|---|---|---|---|
| 003 | OSt | ||
| 005 | 20220925223313.0 | ||
| 006 | a|||||r|||| 00| 0 | ||
| 007 | ta | ||
| 008 | 220923b |||||||| |||| 00| 0 eng d | ||
| 037 | _cGeneral Book | ||
| 040 |
_aRTL _cRTL _beng |
||
| 041 |
_2eng _aeng |
||
| 082 | _aWxJ88:g(Z,3), N4 | ||
| 100 |
_aBoucher David _920602 |
||
| 245 | 0 | _aSocial contract from hobbes to Rawls | |
| 260 |
_aLondon _bRoutledge _c1994 |
||
| 300 |
_axii, 276p _ccm. |
||
| 500 | _aBibliography Chapterwise | ||
| 650 | _aPolitical Science | ||
| 700 |
_a Kelly Paul Ed. _9141637 |
||
| 942 |
_hWxJ88:g(Z,3), N4 _cGB _2CC |
||
| 999 |
_c579198 _d579198 |
||